00529nam a2200157Ia 4500008004100000020001400041082001400055100004200069245007800111250000700189260005600196300002900252500001900281600002100300650005000321240925s9999 xx 000 0 und d a201544199 a004.6 HAR aHarrison ,Peter G.; Patel ,Naresh M. 0aPerformance Modelling of Communication Networks and Computer Architecture aNA aWokingham:bAddison-Wily Publishing Companyc,1993. axiii,472p.bNAfOriginal aIncludes Index aComputer Science aComputer science, information & general works